000 00520cas a2200157 4500
008 131014n eng u
022 _a00150282
035 _a(Sirsi) a180959
050 _aQP251.F4S8
245 _aFertility and Sterility
260 _aBirmingham:
_b American Society For Reproductive Medicine.
310 _aMonthly
362 _aVol.65,no.2 (1996).
520 _aThe journal's focuses on fertility and sterlility and publishes papers on the physiology of reproduction.
650 _aFertility-Human
999 _c49526
_d49526